Gramática Latina

Αποθηκεύτηκε σε:
Λεπτομέρειες βιβλιογραφικής εγγραφής
Κύριος συγγραφέας: Penagos, Luis
Μορφή: Βιβλίο
Γλώσσα:Undetermined
Έκδοση: Santander, España Sal Terrae 1962
Έκδοση:14
Θέματα:
Ετικέτες: Προσθήκη ετικέτας
Δεν υπάρχουν, Καταχωρήστε ετικέτα πρώτοι!

MARC

LEADER 00000nam a2200000Ia 4500
008 170316s9999 xx 000 0 und d
090 |a 415-L P-1g 
100 |a Penagos, Luis 
245 |a Gramática Latina 
250 |a 14 
260 |a Santander, España 
260 |b Sal Terrae 
260 |c 1962 
300 |a 157 páginas 
650 |a GRAMÁTICA LATINA 
999 |c 19638  |d 19638 
040 |a cru BVZT 
942 |c 15 D  |h 415-L P-1g  |2 z